Statistics for How many Spider-Men can you name?

Click here to take the quiz!

General Stats

  • This quiz has been taken 45 times
  • The average score is 9 of 50

Answer Stats

Answer% Correct
Peter Parker
83%
Miles Morales
74%
Father Spider
69%
The Spider
69%
Gwen Stacy
63%
Miguel O'hara
54%
Peter Porker
43%
May Day Parker
40%
Jessica Drew
34%
May Parker
34%
Ben Parker
31%
Peni Parker
29%
Ben Reily
26%
Mary Jane Watson
26%
Charlie Parker
20%
Eugene "Flash" Thompson
20%
Otto Octavius
17%
Gerald Drew
14%
Harold "Harry" Osborn
14%
Hobart Brown
14%
Kaine
14%
Norman Osborn
14%
Pavitr Prabhakar
11%
Bruce Banner
9%
Spider-Mech
9%
Ezekiel Sims
6%
Patton Parnel
6%
Aaron Aikman
3%
Ai Apaec
3%
Aracnido Jr.
3%
Ben Parker ll
3%
Dmitri Smerdyakov
3%
Doppelganger
3%
Longlegs Secundus
3%
MacDonald "Mac" Gargon
3%
Marc Spector
3%
Martha "Mattie" Franklin
3%
Max Borne
3%
Mig-El Grand
3%
Nurotox
3%
Peter Pooper
3%
Peter Quagh
3%
Peter Ross
3%
Piguel O'Malley
3%
Pseter Psarker
3%
Screwball
3%
Spidair
3%
Spider-Sting
3%
Tarantula
3%
William Braddock
3%

Score Distribution

Percentile by Number Answered

Percent of People with Each Score

Your Score History

You have not taken this quiz